| 000 | 01112nam a2200301 i 4500 | ||
|---|---|---|---|
| 003 | DO-SdBNP | ||
| 005 | 20250630100925.0 | ||
| 007 | ta | ||
| 008 | 240628b2024 dr ac||| |||| 00| 0 spa d | ||
| 020 | _a9789945937831 | ||
| 040 |
_aDO-SdBNP _bspa _cBNPHU _erda |
||
| 082 | 4 |
_a923.27293 _bA454s, 2024 _222 |
|
| 100 | 1 |
_aAlonso Romero, Mercedes _eautora _96652 |
|
| 245 | 1 | 0 |
_aSu nombre es Patria / _cMercedes Alonso Romero |
| 250 | _a2a. edición | ||
| 264 | 1 |
_aSanto Domingo : _bMuseo Memorial de la Resistencia Dominicana, _c2024. |
|
| 300 |
_a208 páginas : _bilustraciones, retratos ; _c23 cm. |
||
| 336 |
_2rdacontent _atexto _btxt |
||
| 337 |
_2rdamedia _asin mediación _bn |
||
| 338 |
_2rdacarrier _avolumen _bnc |
||
| 500 | _aIncluye datos biográficos de la autora en las solapas | ||
| 590 | _aInventariado, 2024/BT | ||
| 600 | 1 | 0 |
_aMirabal, Patria, _d1924-1960 _945420 |
| 650 | 4 |
_aRevolucionarios _zRepública Dominicana _vBiografías _973310 |
|
| 651 | 0 |
_aRepública Dominicana _xHistoria _yEra de Trujillo, 1930-1961 _978796 |
|
| 910 | _aBtavárez/Validado. Control de calidad MFF | ||
| 942 |
_2ddc _cLBS1 |
||
| 999 |
_c57060 _d57060 |
||